Statistics for Country Flag-Shape Picture Quiz #3

Click here to take the quiz!

General Stats

  • This quiz has been taken 10,303 times
    (10,242 since last reset)
  • The average score is 13 of 16

Answer Stats

Answer % Correct
China
100%
Canada
99%
United Kingdom
99%
Israel
98%
Spain
97%
Sri Lanka
89%
Peru
82%
Papua New Guinea
80%
Trinidad and Tobago
75%
Belarus
74%
Moldova
69%
Bahamas
65%
Niger
65%
Fiji
58%
Burkina Faso
56%
Guyana
54%

Score Distribution

Percentile by Number Answered

Percent of People with Each Score

Your Score History

You have not taken this quiz since the last reset